[Event "Krakow Rapid-ch"]
[Site "Krakow POL"]
[Date "2018.06.16"]
[Round "1.2"]
[White "Golubka, Petro"]
[Black "Musial, Tomasz"]
[Result "1-0"]
[WhiteElo "2484"]
[BlackElo "2029"]
[WhiteFideId "-1"]
[BlackFideId "-1"]
[PlyCount "45"]
[GameId "2130307619535365"]
[EventDate "2018.06.16"]
[EventType "swiss (rapid)"]
[EventRounds "9"]
[EventCountry "POL"]
[SourceTitle "10 Days #546"]
[Source "ChessMix"]
[SourceDate "2018.06.20"]
[SourceVersion "1"]
[SourceVersionDate "2018.06.20"]
[SourceQuality "1"]

1. e4 e6 2. d4 d5 3. Bd3 dxe4 4. Bxe4 Nf6 5. Bf3 c5 6. Ne2 cxd4 7. Qxd4 Qxd4 8. Nxd4 Bc5 9. Nb5 Na6 10. Nd2 O-O 11. a3 Rb8 12. Nb3 Bb6 13. Be3 Bxe3 14. fxe3 Bd7 15. Nd6 Bc6 16. O-O-O Bd5 17. Na5 b6 18. Bxd5 Nxd5 19. Nc6 Ra8 20. e4 Ndc7 21. b4 Nb8 22. Ne7+ Kh8 23. Nxf7+ 1-0

[Event "Krakow Rapid-ch"]
[Site "Krakow POL"]
[Date "2018.06.16"]
[Round "2.2"]
[White "Krzywda, Andrzej"]
[Black "Golubka, Petro"]
[Result "1-0"]
[WhiteElo "2258"]
[BlackElo "2484"]
[WhiteFideId "-1"]
[BlackFideId "-1"]
[PlyCount "99"]
[GameId "2130307619535377"]
[EventDate "2018.06.16"]
[EventType "swiss (rapid)"]
[EventRounds "9"]
[EventCountry "POL"]
[SourceTitle "10 Days #546"]
[Source "ChessMix"]
[SourceDate "2018.06.20"]
[SourceVersion "1"]
[SourceVersionDate "2018.06.20"]
[SourceQuality "1"]

1. e4 c5 2. Nf3 d6 3. d4 cxd4 4. Nxd4 Nf6 5. Nc3 a6 6. Be3 e5 7. Nb3 Be6 8. Qd2 Nbd7 9. O-O-O Rc8 10. Kb1 Be7 11. f4 Rxc3 12. Qxc3 Nxe4 13. Qb4 exf4 14. Qxe4 fxe3 15. Qxb7 O-O 16. Bxa6 Ne5 17. Rhe1 Bg5 18. Nd4 Bg4 19. Be2 Bxe2 20. Rxe2 Nc4 21. Qd5 Nd2+ 22. Ka1 Re8 23. Nf3 Bf4 24. g3 Bh6 25. Nxd2 exd2 26. Rxe8+ Qxe8 27. Qxd6 Qa8 28. a3 g6 29. Rxd2 Bxd2 30. Qxd2 Qe4 31. Ka2 h6 32. b3 g5 33. a4 f5 34. a5 f4 35. gxf4 gxf4 36. a6 Qc6 37. Qxf4 Qxc2+ 38. Ka3 Qc5+ 39. Qb4 Qc1+ 40. Ka4 Kg7 41. Qd4+ Kh7 42. a7 Qc6+ 43. Ka5 h5 44. b4 Qc7+ 45. Qb6 Qe5+ 46. Qc5 Qxh2 47. Qf5+ Kh6 48. Qf6+ Kh7 49. Qf7+ Kh6 50. a8=Q 1-0

[Event "Krakow Rapid-ch"]
[Site "Krakow POL"]
[Date "2018.06.16"]
[Round "3.9"]
[White "Golubka, Petro"]
[Black "Wikar, Martyna"]
[Result "1-0"]
[WhiteElo "2484"]
[BlackElo "1955"]
[WhiteFideId "-1"]
[BlackFideId "-1"]
[PlyCount "29"]
[GameId "2130307619535396"]
[EventDate "2018.06.16"]
[EventType "swiss (rapid)"]
[EventRounds "9"]
[EventCountry "POL"]
[SourceTitle "10 Days #546"]
[Source "ChessMix"]
[SourceDate "2018.06.20"]
[SourceVersion "1"]
[SourceVersionDate "2018.06.20"]
[SourceQuality "1"]

1. e4 c5 2. Nf3 d6 3. d4 cxd4 4. Nxd4 Nf6 5. Nc3 a6 6. Be3 e5 7. Nf3 Be7 8. Bc4 O-O 9. Bb3 b5 10. Bd5 Nxd5 11. Qxd5 b4 12. Qxa8 Be6 13. Nd5 Qd7 14. O-O-O Nc6 15. Qxc6 1-0

[Event "Krakow Rapid-ch"]
[Site "Krakow POL"]
[Date "2018.06.16"]
[Round "4.6"]
[White "Lach, Mateusz"]
[Black "Golubka, Petro"]
[Result "0-1"]
[WhiteElo "1629"]
[BlackElo "2484"]
[WhiteFideId "-1"]
[BlackFideId "-1"]
[PlyCount "110"]
[GameId "2130307619535405"]
[EventDate "2018.06.16"]
[EventType "swiss (rapid)"]
[EventRounds "9"]
[EventCountry "POL"]
[SourceTitle "10 Days #546"]
[Source "ChessMix"]
[SourceDate "2018.06.20"]
[SourceVersion "1"]
[SourceVersionDate "2018.06.20"]
[SourceQuality "1"]

1. d4 Nf6 2. c4 e6 3. e3 b6 4. a3 d5 5. Nc3 Bb7 6. Nf3 Bd6 7. b4 dxc4 8. Bxc4 O-O 9. Bb2 Nbd7 10. O-O Qe7 11. Be2 Rfe8 12. Nb5 a5 13. Nxd6 cxd6 14. b5 Ne4 15. a4 Ndf6 16. Rc1 Rac8 17. Qd3 h6 18. h3 Qd7 19. Ba3 Bd5 20. Bb2 Qb7 21. Ba3 e5 22. dxe5 dxe5 23. Rfd1 Rxc1 24. Rxc1 Nd7 25. Rd1 Be6 26. Nd2 Nec5 27. Qc2 Bd5 28. f3 e4 29. f4 Nd3 30. Bxd3 exd3 31. Qxd3 Nf6 32. e4 Bxe4 33. Nxe4 Rxe4 34. Bd6 Rxa4 35. Be5 Ra2 36. Rd2 Rxd2 37. Qxd2 Nd7 38. Bb2 Nc5 39. Qc3 f6 40. Qc4+ Qf7 41. Qd4 Qd7 42. Qc4+ Qe6 43. Qd4 a4 44. Ba3 Qe1+ 45. Kh2 Ne4 46. Qd5+ Kh8 47. Bf8 Qg3+ 48. Kg1 Qe3+ 49. Kh1 Qc1+ 50. Kh2 Qxf4+ 51. Kg1 Ng3 52. Qd7 Qd4+ 53. Qxd4 Ne2+ 54. Kf2 Nxd4 55. Be7 Nxb5 0-1

[Event "Krakow Rapid-ch"]
[Site "Krakow POL"]
[Date "2018.06.16"]
[Round "5.3"]
[White "Golubka, Petro"]
[Black "Gumularz, Szymon"]
[Result "1-0"]
[WhiteElo "2484"]
[BlackElo "2452"]
[WhiteFideId "-1"]
[BlackFideId "-1"]
[PlyCount "140"]
[GameId "2130307619535414"]
[EventDate "2018.06.16"]
[EventType "swiss (rapid)"]
[EventRounds "9"]
[EventCountry "POL"]
[SourceTitle "10 Days #546"]
[Source "ChessMix"]
[SourceDate "2018.06.20"]
[SourceVersion "1"]
[SourceVersionDate "2018.06.20"]
[SourceQuality "1"]

1. e4 a6 2. d4 e6 3. c4 d5 4. cxd5 exd5 5. exd5 Nf6 6. Nc3 Be7 7. Nf3 O-O 8. Bd3 Nbd7 9. O-O Nb6 10. h3 Nbxd5 11. Re1 Re8 12. Bg5 Be6 13. a3 c6 14. Na4 Nd7 15. Bd2 b5 16. Nc5 Nxc5 17. dxc5 Bf6 18. Qc2 g6 19. Ne5 Qc7 20. Nf3 Nf4 21. Be4 Nd5 22. a4 bxa4 23. Rxa4 Rab8 24. b4 Qb7 25. Bd3 Nc7 26. Bf4 Bd5 27. Be4 Bxe4 28. Rxe4 Rxe4 29. Qxe4 Re8 30. Be5 Nd5 31. Qd4 Bxe5 32. Nxe5 Qb5 33. Ra1 Re6 34. Nd3 Re2 35. Ra5 Qb7 36. Qc4 Nc7 37. h4 Qc8 38. h5 Qf5 39. h6 Qg5 40. Rxa6 Nxa6 41. Qxa6 Qxh6 42. Qc8+ Qf8 43. Qxc6 Qd8 44. Qf3 Rd2 45. Nf4 Rd1+ 46. Kh2 Rb1 47. c6 Rxb4 48. g3 Rc4 49. Nd5 Rxc6 50. Ne7+ Qxe7 51. Qxc6 Kg7 52. Qc3+ Qf6 53. Qd2 h5 54. Qe3 Qf5 55. Qd4+ Kh7 56. Kg2 g5 57. Kh2 Kg6 58. Kg2 Qg4 59. Qd6+ Qe6 60. Qd3+ Kh6 61. Qd4 Kg6 62. Qd3+ Qf5 63. Qd6+ Qf6 64. Qd3+ Kg7 65. Qd5 h4 66. gxh4 gxh4 67. Kh3 Qf4 68. Qh5 Qxf2 69. Qg5+ Kf8 70. Qd8+ Kg7 1-0

[Event "Krakow Rapid-ch"]
[Site "Krakow POL"]
[Date "2018.06.17"]
[Round "6.6"]
[White "Brozyna, Mateusz"]
[Black "Golubka, Petro"]
[Result "1/2-1/2"]
[WhiteElo "2151"]
[BlackElo "2484"]
[WhiteFideId "-1"]
[BlackFideId "-1"]
[PlyCount "56"]
[GameId "2130307619535429"]
[EventDate "2018.06.16"]
[EventType "swiss (rapid)"]
[EventRounds "9"]
[EventCountry "POL"]
[SourceTitle "10 Days #546"]
[Source "ChessMix"]
[SourceDate "2018.06.20"]
[SourceVersion "1"]
[SourceVersionDate "2018.06.20"]
[SourceQuality "1"]

1. e4 c5 2. Ne2 Nc6 3. d4 cxd4 4. Nxd4 Nf6 5. Nc3 d6 6. Bg5 e6 7. Qd3 a6 8. O-O-O Ne5 9. Qg3 Be7 10. f4 Nh5 11. Bxe7 Qxe7 12. Qf2 Nc6 13. Nxc6 bxc6 14. g4 Nf6 15. g5 Nd7 16. Qd4 e5 17. Qxd6 exf4 18. Qxc6 Rb8 19. Nd5 Qe5 20. Qc3 Qxc3 21. Nxc3 h6 22. gxh6 Rxh6 23. Rg1 g6 24. Nd5 f3 25. h3 Kf8 26. Rg3 Ne5 27. Rg5 Nc6 28. Rg3 Ne5 1/2-1/2

[Event "Krakow Rapid-ch"]
[Site "Krakow POL"]
[Date "2018.06.17"]
[Round "7.4"]
[White "Golubka, Petro"]
[Black "Gritsak, Orest"]
[Result "1-0"]
[WhiteElo "2484"]
[BlackElo "2469"]
[WhiteFideId "-1"]
[BlackFideId "-1"]
[PlyCount "71"]
[GameId "2130307619535439"]
[EventDate "2018.06.16"]
[EventType "swiss (rapid)"]
[EventRounds "9"]
[EventCountry "POL"]
[SourceTitle "10 Days #546"]
[Source "ChessMix"]
[SourceDate "2018.06.20"]
[SourceVersion "1"]
[SourceVersionDate "2018.06.20"]
[SourceQuality "1"]

1. e4 c6 2. d4 d5 3. Nc3 dxe4 4. Nxe4 Nd7 5. Ng5 Ngf6 6. Bc4 e6 7. Qe2 Nb6 8. Bb3 h6 9. N5f3 c5 10. Ne5 cxd4 11. Ngf3 a5 12. a4 Bb4+ 13. Bd2 d3 14. Nxd3 Bxd2+ 15. Qxd2 Qc7 16. Nde5 Nbd7 17. O-O-O Nc5 18. Bc4 Bd7 19. b3 Bc6 20. Nxc6 bxc6 21. Qd6 Qxd6 22. Rxd6 Nce4 23. Rxc6 Nxf2 24. Re1 O-O 25. Ne5 Rfc8 26. h3 N2e4 27. Kb2 Nc5 28. Rd1 Kf8 29. c3 Ke7 30. Bb5 Nb7 31. c4 Kf8 32. Ka3 Nc5 33. b4 axb4+ 34. Kxb4 Nfe4 35. Nd7+ Nxd7 36. Rxd7 1-0

[Event "Krakow Rapid-ch"]
[Site "Krakow POL"]
[Date "2018.06.17"]
[Round "8.2"]
[White "Wieczorek, Oskar"]
[Black "Golubka, Petro"]
[Result "0-1"]
[WhiteElo "2469"]
[BlackElo "2484"]
[WhiteFideId "-1"]
[BlackFideId "-1"]
[PlyCount "154"]
[GameId "2130307619539545"]
[EventDate "2018.06.16"]
[EventType "swiss (rapid)"]
[EventRounds "9"]
[EventCountry "POL"]
[SourceTitle "10 Days #546"]
[Source "ChessMix"]
[SourceDate "2018.06.20"]
[SourceVersion "1"]
[SourceVersionDate "2018.06.20"]
[SourceQuality "1"]

1. e4 e6 2. d4 d5 3. Nc3 Bb4 4. e5 c5 5. a3 Bxc3+ 6. bxc3 b6 7. Qg4 Kf8 8. dxc5 bxc5 9. c4 Nc6 10. Nf3 Nge7 11. Bd3 Qc7 12. O-O h6 13. Re1 Rb8 14. Qf4 Ba6 15. cxd5 Nxd5 16. Qe4 Bxd3 17. cxd3 Na5 18. Be3 g6 19. Rac1 Nb3 20. Rc4 Kg7 21. h4 Rhd8 22. h5 Nxe3 23. fxe3 g5 24. d4 Qb7 25. Qxb7 Rxb7 26. dxc5 Na5 27. Rb4 Rc7 28. Rc1 Nc6 29. Rbc4 Rd5 30. Kf2 Nxe5 31. Nxe5 Rxe5 32. R1c3 Rc6 33. Kf3 f5 34. g4 Kf6 35. Kg3 Rd5 36. Kf3 a6 37. e4 fxg4+ 38. Kxg4 Rd1 39. Rb4 Rg1+ 40. Kf3 Rh1 41. Kg2 Rd1 42. a4 a5 43. Rb6 Rxb6 44. cxb6 Rb1 45. Rc5 Rxb6 46. Rxa5 Rb4 47. Kf3 Rb1 48. Rc5 Rf1+ 49. Ke3 g4 50. Ke2 Ra1 51. a5 Ra3 52. Kf2 e5 53. Kg2 Ra4 54. Kg3 Rxe4 55. a6 Ra4 56. Rc6+ Kg5 57. Re6 Ra3+ 58. Kg2 Kxh5 59. Rxe5+ Kh4 60. Re2 Rxa6 61. Rb2 h5 62. Rc2 Ra3 63. Rb2 Ra5 64. Rc2 Kg5 65. Rc4 Ra2+ 66. Kg1 Kh4 67. Rc5 g3 68. Kh1 Kg4 69. Kg1 h4 70. Rc4+ Kh3 71. Rc1 Ra4 72. Rb1 Kg4 73. Rc1 h3 74. Rb1 h2+ 75. Kg2 Ra2+ 76. Kh1 Kh3 77. Rb2 Ra1+ 0-1

[Event "Krakow Rapid-ch"]
[Site "Krakow POL"]
[Date "2018.06.17"]
[Round "9.2"]
[White "Golubka, Petro"]
[Black "Omelja, Artem"]
[Result "1/2-1/2"]
[WhiteElo "2484"]
[BlackElo "2445"]
[WhiteFideId "-1"]
[BlackFideId "-1"]
[PlyCount "115"]
[GameId "2130307619539557"]
[EventDate "2018.06.16"]
[EventType "swiss (rapid)"]
[EventRounds "9"]
[EventCountry "POL"]
[SourceTitle "10 Days #546"]
[Source "ChessMix"]
[SourceDate "2018.06.20"]
[SourceVersion "1"]
[SourceVersionDate "2018.06.20"]
[SourceQuality "1"]

1. d4 Nf6 2. Bf4 d6 3. e3 e6 4. h3 Be7 5. Nf3 O-O 6. Be2 b6 7. O-O Bb7 8. c4 Nbd7 9. Qc2 Nh5 10. Bh2 g6 11. Nc3 a6 12. e4 f5 13. exf5 exf5 14. d5 Bf6 15. Rad1 Re8 16. Nd4 Ng7 17. f4 Nc5 18. Bf3 a5 19. b3 Qe7 20. Ndb5 Ba6 21. Bg3 Nh5 22. Bxh5 Bxb5 23. Nxb5 Ne4 24. Bxg6 hxg6 25. Bf2 Kf7 26. g3 Rh8 27. Kg2 Rae8 28. Rde1 Qd8 29. Re2 Re7 30. Rfe1 Qg8 31. Rxe4 fxe4 32. Bd4 Qh7 33. h4 Qh5 34. Qe2 Qf3+ 35. Kh2 Rhe8 36. Bxf6 Kxf6 37. Nd4 Qh5 38. Nc2 Kf7 39. Ne3 Kg8 40. Kg2 Qxe2+ 41. Rxe2 a4 42. Kh3 axb3 43. axb3 Ra8 44. Nc2 Ra2 45. Kg2 Kf7 46. Kf2 Ke8 47. Ke3 Kd7 48. Kd4 Re8 49. Kc3 b5 50. cxb5 e3 51. Nd4 Rxe2 52. Nxe2 Rb8 53. Nd4 Kc8 54. Kd3 Kb7 55. Kxe3 Kb6 56. Ne6 Kxb5 57. Nxc7+ Kb6 58. Ne6 1/2-1/2

[Event "Rhein Main op-A 21st"]
[Site "Bad Homburg"]
[Date "2018.05.30"]
[Round "1"]
[White "Golubka, Petro"]
[Black "Zweschper, Erich"]
[Result "1-0"]
[WhiteElo "2484"]
[BlackElo "2018"]
[WhiteFideId "-1"]
[BlackFideId "-1"]
[PlyCount "81"]
[GameId "1268692336058368"]
[EventDate "2018.05.30"]
[EventType "swiss"]
[EventRounds "7"]
[EventCountry "GER"]
[SourceTitle "EXT 2019"]
[Source "ChessBase"]
[SourceDate "2018.10.10"]
[SourceVersion "1"]
[SourceVersionDate "2018.10.10"]
[SourceQuality "1"]

1. e4 g6 2. d4 Bg7 3. Nc3 b6 4. h4 h5 5. Nf3 Ba6 6. Bxa6 Nxa6 7. Qe2 Qc8 8. Bf4 Qb7 9. O-O-O Nh6 10. Nd5 Rc8 11. Kb1 e6 12. Nc3 d6 13. Qb5+ c6 14. Qe2 Rd8 15. Ng5 Nc7 16. f3 b5 17. d5 cxd5 18. exd5 e5 19. g4 O-O 20. Bc1 b4 21. Nce4 Nb5 22. gxh5 f5 23. Ne6 fxe4 24. fxe4 Rb8 25. Ka1 Nd4 26. Qg2 Nxe6 27. dxe6 Rf4 28. Bxf4 exf4 29. Rxd6 Qe7 30. e5 Nf5 31. h6 Nxh6 32. Qxg6 Qe8 33. Qe4 Qf8 34. Rf1 Nf5 35. e7 Nxe7 36. Rxf4 Qe8 37. h5 Rb5 38. Rg4 Nc8 39. Rxg7+ Kxg7 40. Rg6+ Kf7 41. Qf5+ 1-0

[Event "Rhein Main op-A 21st"]
[Site "Bad Homburg"]
[Date "2018.05.31"]
[Round "2"]
[White "Sandten, Ulrich"]
[Black "Golubka, Petro"]
[Result "0-1"]
[WhiteElo "2092"]
[BlackElo "2484"]
[WhiteFideId "-1"]
[BlackFideId "-1"]
[PlyCount "110"]
[GameId "1268692336275456"]
[EventDate "2018.05.30"]
[EventType "swiss"]
[EventRounds "7"]
[EventCountry "GER"]
[SourceTitle "EXT 2019"]
[Source "ChessBase"]
[SourceDate "2018.10.10"]
[SourceVersion "1"]
[SourceVersionDate "2018.10.10"]
[SourceQuality "1"]

1. d4 Nf6 2. Nf3 g6 3. e3 Bg7 4. Be2 O-O 5. O-O d6 6. c4 Nbd7 7. Nc3 e5 8. b4 Re8 9. a4 a6 10. a5 c6 11. Ra2 e4 12. Ne1 Nf8 13. Na4 Bf5 14. Nb6 Rb8 15. d5 cxd5 16. cxd5 N8d7 17. Nc4 Ne5 18. Nxe5 dxe5 19. Rd2 Bf8 20. Ba3 b5 21. Nc2 Rb7 22. Na1 Rd7 23. Qc1 Rxd5 24. Rfd1 Rxd2 25. Rxd2 Qa8 26. Nb3 Rc8 27. Qd1 Be6 28. Nc5 Bxc5 29. bxc5 Nd5 30. Rc2 Qc6 31. Qa1 f6 32. Rc1 Kf7 33. g4 h6 34. h3 Qc7 35. Bb2 Nb4 36. Qa3 Nc6 37. Bc3 Rd8 38. Bf1 Qe7 39. Be2 Rd5 40. Bb4 Qd7 41. Kg2 Ke8 42. Kg3 Kd8 43. Qc3 Kc7 44. Qb2 h5 45. Be1 hxg4 46. hxg4 f5 47. Qb1 f4+ 48. exf4 exf4+ 49. Kxf4 Qh7 50. Kg3 g5 51. Kg2 Nd4 52. Qb2 Nf3 53. Bxf3 exf3+ 54. Kg1 Qh3 55. Qg7+ Bd7 0-1

[Event "Rhein Main op-A 21st"]
[Site "Bad Homburg"]
[Date "2018.05.31"]
[Round "3"]
[White "Golubka, Petro"]
[Black "Will, Dominik"]
[Result "1-0"]
[WhiteElo "2484"]
[BlackElo "2140"]
[WhiteFideId "-1"]
[BlackFideId "-1"]
[PlyCount "69"]
[GameId "1268692336492544"]
[EventDate "2018.05.30"]
[EventType "swiss"]
[EventRounds "7"]
[EventCountry "GER"]
[SourceTitle "EXT 2019"]
[Source "ChessBase"]
[SourceDate "2018.10.10"]
[SourceVersion "1"]
[SourceVersionDate "2018.10.10"]
[SourceQuality "1"]

1. e4 c5 2. c3 d6 3. d4 Nf6 4. Bd3 g6 5. Nf3 Bg7 6. O-O O-O 7. h3 Qc7 8. Re1 Nbd7 9. e5 Nd5 10. Be4 N5b6 11. Bf4 dxe5 12. dxe5 e6 13. Nbd2 c4 14. a4 a5 15. h4 Nc5 16. h5 Bd7 17. h6 Bh8 18. Bc2 Bc6 19. Nd4 Bd5 20. Bg3 Qe7 21. Qg4 Qd7 22. Qd1 Qe7 23. N2f3 Rac8 24. Nb5 f6 25. exf6 Qxf6 26. Nbd4 Nbd7 27. Qd2 Rce8 28. Bd6 e5 29. Bxf8 Rxf8 30. Ne2 Bxf3 31. gxf3 Qxf3 32. Ng3 Nd3 33. Bxd3 cxd3 34. Re3 Qf4 35. Qxd3 1-0

[Event "Rhein Main op-A 21st"]
[Site "Bad Homburg"]
[Date "2018.06.01"]
[Round "4"]
[White "Hoeglauer, Patrick"]
[Black "Golubka, Petro"]
[Result "0-1"]
[WhiteElo "2285"]
[BlackElo "2484"]
[WhiteFideId "-1"]
[BlackFideId "-1"]
[PlyCount "150"]
[GameId "1268692336705536"]
[EventDate "2018.05.30"]
[EventType "swiss"]
[EventRounds "7"]
[EventCountry "GER"]
[SourceTitle "EXT 2019"]
[Source "ChessBase"]
[SourceDate "2018.10.10"]
[SourceVersion "1"]
[SourceVersionDate "2018.10.10"]
[SourceQuality "1"]

1. e4 c5 2. Nf3 d6 3. d4 cxd4 4. Nxd4 Nf6 5. f3 Nc6 6. c4 e5 7. Nc2 Be6 8. Nc3 Be7 9. Be3 O-O 10. Be2 Nh5 11. Qd2 Nf4 12. O-O Bg5 13. Kh1 h6 14. Rfd1 a6 15. Bf1 Be7 16. Nd5 Bxd5 17. exd5 Nb8 18. Bxf4 exf4 19. Qxf4 Nd7 20. Nd4 Bf6 21. Nf5 Be5 22. Qg4 Qg5 23. Qxg5 hxg5 24. Rac1 g6 25. Nd4 Kg7 26. g3 Rh8 27. Kg2 Nf6 28. Rc2 Rac8 29. b4 Rh7 30. h3 Nh5 31. Ne2 b6 32. g4 Nf6 33. Nd4 Bxd4 34. Rxd4 Rhh8 35. Rdd2 Rhd8 36. Kg3 Nd7 37. Re2 Ra8 38. f4 gxf4+ 39. Kxf4 a5 40. Rb2 axb4 41. Rxb4 Ra3 42. h4 Rh8 43. Rb3 Rxb3 44. axb3 Rxh4 45. Kg3 Rh1 46. Re7 Nc5 47. Kg2 Kf6 48. Re3 Rh8 49. b4 Nd7 50. Rf3+ Ke7 51. Re3+ Kf6 52. Rf3+ Kg7 53. Ra3 Ne5 54. Be2 Rc8 55. Ra6 Nxc4 56. Kg3 Kf6 57. Kf4 g5+ 58. Ke4 Re8+ 59. Kd3 b5 60. Bf1 Re1 61. Be2 Ke5 62. Ra7 Kxd5 63. Rb7 Ne5+ 64. Kd2 Rb1 65. Rxb5+ Kd4 66. Kc2 Re1 67. Kd2 Ra1 68. Ra5 Rb1 69. b5 Rb2+ 70. Kd1 d5 71. Ra7 f6 72. Ra6 Ke3 73. Ra3+ Ke4 74. Ra6 Ke3 75. Ra3+ Kf2 0-1

[Event "Rhein Main op-A 21st"]
[Site "Bad Homburg"]
[Date "2018.06.02"]
[Round "5"]
[White "Golubka, Petro"]
[Black "Khenkin, Igor"]
[Result "1/2-1/2"]
[WhiteElo "2484"]
[BlackElo "2565"]
[WhiteFideId "-1"]
[BlackFideId "-1"]
[PlyCount "21"]
[GameId "1268692336914432"]
[EventDate "2018.05.30"]
[EventType "swiss"]
[EventRounds "7"]
[EventCountry "GER"]
[SourceTitle "EXT 2019"]
[Source "ChessBase"]
[SourceDate "2018.10.10"]
[SourceVersion "1"]
[SourceVersionDate "2018.10.10"]
[SourceQuality "1"]

1. e4 c6 2. Nc3 d5 3. Nf3 Bg4 4. h3 Bxf3 5. Qxf3 Nf6 6. b3 e6 7. Bb2 Nbd7 8. Qe3 Bd6 9. g3 O-O 10. Bg2 Qb6 11. Qxb6 1/2-1/2

[Event "Rhein Main op-A 21st"]
[Site "Bad Homburg"]
[Date "2018.06.02"]
[Round "6"]
[White "Gritsak, Orest"]
[Black "Golubka, Petro"]
[Result "0-1"]
[WhiteElo "2469"]
[BlackElo "2484"]
[WhiteFideId "-1"]
[BlackFideId "-1"]
[PlyCount "68"]
[GameId "1268692337131520"]
[EventDate "2018.05.30"]
[EventType "swiss"]
[EventRounds "7"]
[EventCountry "GER"]
[SourceTitle "EXT 2019"]
[Source "ChessBase"]
[SourceDate "2018.10.10"]
[SourceVersion "1"]
[SourceVersionDate "2018.10.10"]
[SourceQuality "1"]

1. c4 e6 2. g3 d5 3. Bg2 Nf6 4. Nf3 Be7 5. d4 O-O 6. O-O b6 7. cxd5 exd5 8. Nc3 Bb7 9. Qc2 Na6 10. Rd1 Nb4 11. Qb1 Re8 12. a3 Na6 13. b4 c6 14. Qb3 Nc7 15. a4 Bd6 16. Bg5 h6 17. Bxf6 Qxf6 18. e3 a6 19. b5 axb5 20. axb5 c5 21. Rxa8 Rxa8 22. Ne1 c4 23. Qb2 Ba3 24. Qb1 Qe7 25. Nc2 Ra5 26. e4 dxe4 27. Ne3 Qb4 28. Qc2 Qb2 29. d5 Qxc2 30. Nxc2 Bd6 31. Nd4 Be5 32. d6 Bxd6 33. Nxe4 Be5 34. Nc6 Rxb5 0-1

[Event "Rhein Main op-A 21st"]
[Site "Bad Homburg"]
[Date "2018.06.03"]
[Round "7"]
[White "Golubka, Petro"]
[Black "Zhigalko, Andrey"]
[Result "1/2-1/2"]
[WhiteElo "2484"]
[BlackElo "2562"]
[WhiteFideId "-1"]
[BlackFideId "-1"]
[PlyCount "55"]
[GameId "1268692337336320"]
[EventDate "2018.05.30"]
[EventType "swiss"]
[EventRounds "7"]
[EventCountry "GER"]
[SourceTitle "EXT 2019"]
[Source "ChessBase"]
[SourceDate "2018.10.10"]
[SourceVersion "1"]
[SourceVersionDate "2018.10.10"]
[SourceQuality "1"]

1. e4 c5 2. Nf3 Nc6 3. d4 cxd4 4. Nxd4 e6 5. Nc3 Qc7 6. Be3 a6 7. Be2 Nf6 8. O-O Be7 9. f4 d6 10. Kh1 O-O 11. Qe1 Nxd4 12. Bxd4 b5 13. a3 Bb7 14. Qg3 Rad8 15. Rad1 Bc6 16. Bd3 Qb7 17. b4 Rd7 18. Rde1 Bd8 19. Qh3 h6 20. Re3 e5 21. fxe5 dxe5 22. Bxe5 Nh7 23. Rg3 Ng5 24. Qh5 Re8 25. Bf4 Bf6 26. Bxg5 Bxg5 27. Qg4 Re5 28. h4 1/2-1/2

[Event "Titled Tuesday 2018.05.01"]
[Site "Chess.com INT"]
[Date "2018.05.01"]
[Round "1"]
[White "Kotepalli, Sai Nirupama"]
[Black "Golubka, Petro"]
[Result "0-1"]
[WhiteElo "1949"]
[BlackElo "2488"]
[WhiteFideId "-1"]
[BlackFideId "-1"]
[PlyCount "90"]
[GameId "1515677830459392"]
[EventDate "2018.05.01"]
[EventType "swiss (blitz)"]
[EventRounds "10"]
[EventCountry "NET"]
[SourceTitle "EXT 2021"]
[Source "ChessBase"]
[SourceDate "2020.10.23"]
[SourceVersion "1"]
[SourceVersionDate "2020.10.23"]
[SourceQuality "1"]

1. d4 d6 2. Bf4 Nf6 3. Nf3 g6 4. e3 Bg7 5. Be2 O-O 6. h3 Nfd7 7. O-O Nc6 8. c4 e5 9. Bg3 f5 10. Nc3 h6 11. dxe5 dxe5 12. Qd5+ Kh7 13. Rad1 Qe7 14. a3 a6 15. h4 Nf6 16. Qd2 Nh5 17. Nd5 Qf7 18. Bh2 Be6 19. b4 Rad8 20. Ne1 Nf6 21. Nxf6+ Bxf6 22. Qc2 Rxd1 23. Qxd1 Bxh4 24. b5 Na5 25. bxa6 bxa6 26. Qa4 Nxc4 27. Nf3 Bf6 28. Qxa6 e4 29. Rc1 Nd6 30. Ne5 Qg7 31. Nc6 g5 32. Nb4 Rd8 33. Nc6 Rd7 34. Nb8 Rf7 35. Bxd6 cxd6 36. Qxd6 Ba2 37. Bh5 Be5 38. Qd2 Rc7 39. Nc6 Bb2 40. Rc2 Bg8 41. Be8 Bxa3 42. Qa5 Bd6 43. Qxf5+ Kh8 44. Qxe4 Bh7 45. Qd5 Qa1+ 0-1

[Event "Budapest Spring Festival"]
[Site "Budapest HUN"]
[Date "2018.04.18"]
[Round "1.24"]
[White "Golubka, Petro"]
[Black "Gyurkovics, Bence"]
[Result "1-0"]
[WhiteElo "2509"]
[BlackElo "2286"]
[WhiteFideId "-1"]
[BlackFideId "-1"]
[PlyCount "89"]
[GameId "2130307621074411"]
[EventDate "2018.04.18"]
[EventType "swiss"]
[EventRounds "9"]
[EventCountry "HUN"]
[SourceTitle "10 Days #541"]
[Source "ChessMix"]
[SourceDate "2018.05.01"]
[SourceVersion "1"]
[SourceVersionDate "2018.05.01"]
[SourceQuality "1"]

1. d4 Nf6 2. c4 e6 3. Nf3 d5 4. Nc3 Bb4 5. Qa4+ Nc6 6. Bg5 Bd7 7. Qc2 h6 8. Bxf6 Qxf6 9. e3 O-O 10. O-O-O Bxc3 11. Qxc3 Qe7 12. Kb1 Qb4 13. Qc2 dxc4 14. Bxc4 Na5 15. Bd3 Rfc8 16. Rc1 Bb5 17. Rhd1 Bxd3 18. Rxd3 Qd6 19. Ne5 f6 20. Nf3 Nc6 21. a3 Ne7 22. e4 Qd7 23. h4 c6 24. g4 Rf8 25. g5 Kh7 26. gxh6 Kxh6 27. Rg1 Kh7 28. h5 Rad8 29. Nh4 Rf7 30. f4 Qc7 31. e5 Nf5 32. Nxf5 exf5 33. Rdg3 fxe5 34. dxe5 Qd7 35. Qg2 Re8 36. h6 Ree7 37. hxg7 Rxg7 38. e6 Qd4 39. Qh3+ Kg8 40. Rxg7+ Rxg7 41. Rxg7+ Kxg7 42. Qxf5 Qd1+ 43. Ka2 Qe2 44. Qf7+ Kh6 45. e7 1-0

[Event "Budapest Spring Festival"]
[Site "Budapest HUN"]
[Date "2018.04.19"]
[Round "2.16"]
[White "Popovics, Adam"]
[Black "Golubka, Petro"]
[Result "1/2-1/2"]
[WhiteElo "2380"]
[BlackElo "2509"]
[WhiteFideId "-1"]
[BlackFideId "-1"]
[PlyCount "26"]
[GameId "2130307621074443"]
[EventDate "2018.04.18"]
[EventType "swiss"]
[EventRounds "9"]
[EventCountry "HUN"]
[SourceTitle "10 Days #541"]
[Source "ChessMix"]
[SourceDate "2018.05.01"]
[SourceVersion "1"]
[SourceVersionDate "2018.05.01"]
[SourceQuality "1"]

1. e4 c5 2. Nf3 d6 3. Bb5+ Nd7 4. O-O Ngf6 5. Re1 a6 6. Bxd7+ Nxd7 7. d4 cxd4 8. Qxd4 e5 9. Qd1 Be7 10. Nc3 O-O 11. Nd5 Nf6 12. Nxe7+ Qxe7 13. b3 Rd8 1/2-1/2